[Event "Nettetal op"]
[Site "Nettetal"]
[Date "2010.07.11"]
[Round "9"]
[White "Heinrichs, Ralf"]
[Black "Kurzweg, Jonas"]
[Result "0-1"]
[WhiteElo "1801"]
[BlackElo "1533"]
[PlyCount "102"]
[EventDate "2010.07.03"]
[EventType "swiss"]
[EventRounds "9"]
[EventCountry "GER"]
[SourceTitle "CBM 137 Extra"]
[Source "ChessBase"]
[SourceDate "2010.09.01"]
[SourceVersion "1"]
[SourceVersionDate "2010.09.01"]
[SourceQuality "1"]

1. b4 d5 2. Bb2 Qd6 3. a3 e5 4. e3 Be6 5. d3 Ne7 6. Nd2 Ng6 7. c4 c5 8. cxd5 Bxd5 9. bxc5 Qxc5 10. Rc1 Qb6 11. Rc8+ Kd7 12. Rc2 Nc6 13. Ngf3 Bd6 14. e4 Be6 15. Ng5 h6 16. Nxe6 Kxe6 17. Nc4 Qd8 18. g3 Ke7 19. Ne3 Re8 20. Bg2 Kf8 21. 0-0 Rc8 22. Bh3 Rb8 23. Nf5 Nce7 24. Ne3 Nc6 25. Bf5 Nge7 26. Qc1 Nxf5 27. Nxf5 Ne7 28. Nxd6 Qxd6 29. Qe3 Nc6 30. Rfc1 Rbd8 31. Rc3 Kg8 32. Rb3 Rd7 33. Kg2 Red8 34. Rbc3 f6 35. Qf3 Nd4 36. Qh5 Kh7 37. Qg4 Qe6 38. Qd1 Nc6 39. Qf3 Nd4 40. Qe3 Qa2 41. Ba1 Qe2 42. Rc7 Qxe3 43. fxe3 Nb3 44. Rxd7 Rxd7 45. Rb1 Nxa1 46. Rxa1 Rxd3 47. Kf3 b6 48. h4 h5 49. a4 Rd2 50. a5 b5 51. Rb1 b4 0-1

[Event "Nettetal op"]
[Site "Nettetal"]
[Date "2010.07.09"]
[Round "7"]
[White "Fuchs, Willy"]
[Black "Kurzweg, Jonas"]
[Result "1/2-1/2"]
[WhiteElo "1798"]
[BlackElo "1533"]
[PlyCount "48"]
[EventDate "2010.07.03"]
[EventType "swiss"]
[EventRounds "9"]
[EventCountry "GER"]
[SourceTitle "CBM 137 Extra"]
[Source "ChessBase"]
[SourceDate "2010.09.01"]
[SourceVersion "1"]
[SourceVersionDate "2010.09.01"]
[SourceQuality "1"]

1. d4 Nf6 2. Nf3 e6 3. Bg5 Be7 4. e3 b6 5. Bd3 Bb7 6. Nbd2 d6 7. 0-0 Nbd7 8. c4 c5 9. b3 Qc7 10. Re1 d5 11. Bf4 Bd6 12. Bxd6 Qxd6 13. cxd5 exd5 14. e4 dxe4 15. Nxe4 Nxe4 16. Bxe4 0-0-0 17. Bxb7+ Kxb7 18. dxc5 Qxc5 19. Rc1 Qf5 20. Re7 Rhe8 21. Qd6 Rxe7 22. Qxe7 Rc8 23. Rd1 Rc7 24. Nd4 Qe5 1/2-1/2

[Event "Nettetal op"]
[Site "Nettetal"]
[Date "2010.07.05"]
[Round "3"]
[White "Kurzweg, Jonas"]
[Black "Backes, Juergen"]
[Result "1-0"]
[WhiteElo "1533"]
[BlackElo "1749"]
[PlyCount "45"]
[EventDate "2010.07.03"]
[EventType "swiss"]
[EventRounds "9"]
[EventCountry "GER"]
[SourceTitle "CBM 137 Extra"]
[Source "ChessBase"]
[SourceDate "2010.09.01"]
[SourceVersion "1"]
[SourceVersionDate "2010.09.01"]
[SourceQuality "1"]

1. e4 g6 2. d4 Bg7 3. Nf3 d6 4. Nc3 Nf6 5. Be2 0-0 6. 0-0 Nbd7 7. e5 dxe5 8. dxe5 Ng4 9. e6 fxe6 10. Ng5 Nxf2 11. Rxf2 Rxf2 12. Kxf2 Qf8+ 13. Kg1 Nb6 14. Bg4 Bxc3 15. bxc3 Qf6 16. Qe1 e5 17. Bxc8 Rxc8 18. Ne4 Qf5 19. Qe2 Nd5 20. Ba3 Nf4 21. Qc4+ e6 22. Re1 Qg4 23. Nf6+ 1-0

[Event "Nettetal op"]
[Site "Nettetal"]
[Date "2010.07.04"]
[Round "2"]
[White "Franzenburg, Maria"]
[Black "Kurzweg, Jonas"]
[Result "1/2-1/2"]
[WhiteElo "1826"]
[BlackElo "1533"]
[PlyCount "69"]
[EventDate "2010.07.03"]
[EventType "swiss"]
[EventRounds "9"]
[EventCountry "GER"]
[SourceTitle "CBM 137 Extra"]
[Source "ChessBase"]
[SourceDate "2010.09.01"]
[SourceVersion "1"]
[SourceVersionDate "2010.09.01"]
[SourceQuality "1"]

1. c4 e5 2. g3 Nc6 3. Bg2 Nf6 4. Nc3 Bc5 5. e3 Qe7 6. Nge2 d6 7. 0-0 Bf5 8. d3 Qd7 9. a3 Bh3 10. b4 Bxg2 11. Kxg2 Bb6 12. d4 exd4 13. exd4 a6 14. Bg5 Qg4 15. Bxf6 gxf6 16. Nd5 0-0-0 17. Nxb6+ cxb6 18. f3 Qg5 19. d5 Ne7 20. f4 Qg6 21. Nd4 h5 22. Qc2 Qg4 23. Qe2 Qxe2+ 24. Nxe2 Nf5 25. Rf3 Rdg8 26. Kf2 h4 27. Rg1 hxg3+ 28. hxg3 Rh2+ 29. Ke1 Re8 30. Rf2 Rh3 31. Kd2 Rg8 32. Rfg2 Re8 33. Rf2 Rg8 34. Rfg2 Re8 35. Rf2 1/2-1/2

[Event "Nettetal op"]
[Site "Nettetal"]
[Date "2010.07.03"]
[Round "1"]
[White "Kurzweg, Jonas"]
[Black "Dallmann, Volker"]
[Result "0-1"]
[WhiteElo "1533"]
[BlackElo "2000"]
[PlyCount "72"]
[EventDate "2010.07.03"]
[EventType "swiss"]
[EventRounds "9"]
[EventCountry "GER"]
[SourceTitle "CBM 137 Extra"]
[Source "ChessBase"]
[SourceDate "2010.09.01"]
[SourceVersion "1"]
[SourceVersionDate "2010.09.01"]
[SourceQuality "1"]

1. e4 e5 2. Nf3 Nc6 3. Bc4 Nf6 4. d3 Bc5 5. Nc3 d6 6. h3 Be6 7. Bb3 Nd4 8. Nxd4 Bxd4 9. Be3 Bxe3 10. fxe3 Nd7 11. Qh5 Nc5 12. Bxe6 Nxe6 13. Rf1 g6 14. Qf3 0-0 15. Nd5 f5 16. 0-0-0 c6 17. exf5 Ng5 18. Qg4 cxd5 19. fxg6 Qe7 20. h4 Ne6 21. Rf7 Rxf7 22. gxf7+ Kh8 23. Rf1 Rf8 24. Qf3 d4 25. exd4 Nxd4 26. Qf6+ Qxf6 27. Rxf6 Kg7 28. Rxd6 Rxf7 29. b3 Rc7 30. c4 Nf5 31. Rd5 Kf6 32. h5 Ke6 33. Kd2 Rg7 34. Kc3 Rxg2 35. Ra5 Nd4 36. Rxa7 Rc2+ 0-1